| 000 | 00526nam a2200217Ia 4500 | ||
|---|---|---|---|
| 003 | OSt | ||
| 005 | 20250811100028.0 | ||
| 008 | 210210b2005 xxu||||| |||| 00| 0 eng d | ||
| 020 | _a0716786257 | ||
| 040 | _cAL | ||
| 041 | _aeng | ||
| 082 | _a157 COMF | ||
| 100 |
_aRonald J Comer _9124184 |
||
| 245 | _aFundamentals of Abnormal Psychology Ed 4 | ||
| 250 | _a4 | ||
| 260 |
_aNew York _bWorth Publishers _c2005 |
||
| 300 | _axxv,497+93 | ||
| 690 |
_aAbnormal Psychology _9124186 |
||
| 906 | _a066880 | ||
| 942 |
_2ddc _cDB |
||
| 999 |
_c149343 _d149343 |
||